[Event "26. Herner Stadtmeisterschaft 2025"]
[Site "?"]
[Date "2025.02.17"]
[Round "4.18"]
[White "Koch, Burkhard"]
[Black "Schmidt, Ralph"]
[Result "0-1"]
[WhiteElo "1787"]
[BlackElo "1932"]
[PlyCount "66"]
[GameId "2146743784653217"]
[EventDate "2025.??.??"]
[WhiteTeam "SG Wanne"]
[BlackTeam "SV Bochum-Linden-Dahlh"]

1. e4 e5 2. Nf3 Nc6 3. Bb5 Bc5 4. c3 f5 5. d3 fxe4 6. dxe4 Nf6 7. Qe2 d6 8. b4 Bb6 9. Be3 Bxe3 10. Qxe3 O-O 11. O-O Qe8 12. Nbd2 Bd7 13. a3 Ng4 14. Qe2 Ne7 15. Bxd7 Qxd7 16. h3 Nf6 17. Qc4+ Kh8 18. Rad1 Ng6 19. Nb3 Nh5 20. Nc5 Qc6 21. Ng5 h6 22. Nge6 dxc5 23. Nxf8 Rxf8 24. b5 Qf6 25. Qxc5 Nhf4 26. Qe3 Qg5 27. Qf3 h5 28. Rfe1 Nh4 29. Qg3 Qf6 30. Rd7 Nfxg2 31. Red1 Nf4 32. R1d2 Ne6 33. Kf1 Nc5 0-1

[Event "26. Herner Stadtmeisterschaft 2025"]
[Site "?"]
[Date "2025.02.17"]
[Round "4.19"]
[White "Slaby, Dietmar"]
[Black "Domnik, Roland"]
[Result "1-0"]
[WhiteElo "1794"]
[BlackElo "1635"]
[PlyCount "34"]
[GameId "2146714282193004"]
[EventDate "2025.??.??"]
[WhiteTeam "SV Königsspringer Halt"]
[BlackTeam "SV Datteln 1924"]

1. e4 c5 2. Nc3 Nc6 3. g3 Nf6 4. Bg2 e5 5. Nge2 Nd4 6. O-O d6 7. h3 Be7 8. d3 h6 9. Be3 Be6 10. f4 Nxe2+ 11. Qxe2 exf4 12. Bxf4 Qd7 13. Kh2 g5 14. Bd2 g4 15. h4 O-O-O 16. d4 cxd4 17. Nb5 Bc4 1-0

[Event "26. Herner Stadtmeisterschaft 2025"]
[Site "?"]
[Date "2025.02.17"]
[Round "4.20"]
[White "Schäufele, Jörg"]
[Black "Dimitriadis, Elias"]
[Result "0-1"]
[WhiteElo "1824"]
[BlackElo "1736"]
[PlyCount "66"]
[GameId "2146723049509109"]
[EventDate "2025.??.??"]
[WhiteTeam "SC Roter Turm Altstadt"]
[BlackTeam "SV Waltrop 1922 e. V."]

1. e4 c6 2. Nc3 d5 3. Nf3 dxe4 4. Ng5 Nf6 5. Bc4 e6 6. Ngxe4 Nxe4 7. Nxe4 Nd7 8. d4 Nb6 9. Bb3 Be7 10. c3 O-O 11. O-O Nd5 12. Qh5 Nf6 13. Nxf6+ Bxf6 14. Bc2 g6 15. Qf3 Bg7 16. Bf4 Qb6 17. b4 a5 18. a3 Bd7 19. Qg3 Rfc8 20. Rab1 Qd8 21. Bg5 f6 22. Bf4 axb4 23. axb4 Ra3 24. Rfe1 Kh8 25. Bb3 Qe8 26. Qe3 e5 27. dxe5 fxe5 28. Bxe5 Bxe5 29. Qxe5+ Qxe5 30. Rxe5 Bf5 31. Be6 Re8 32. g4 Rxe6 33. Rxe6 Bxe6 0-1

[Event "26. Herner Stadtmeisterschaft 2025"]
[Site "?"]
[Date "2025.02.17"]
[Round "4.21"]
[White "Bautz, Volker"]
[Black "Bieger, Peter"]
[Result "1-0"]
[WhiteElo "1833"]
[BlackElo "1828"]
[PlyCount "51"]
[GameId "2146716375896216"]
[EventDate "2025.??.??"]
[WhiteTeam "Bochumer SV 02"]
[BlackTeam "SF Fliegenpils e. V."]

1. d4 f5 2. h3 Nf6 3. g4 fxg4 4. hxg4 Nxg4 5. Qd3 Nf6 6. Rxh7 e5 7. Qg6+ Ke7 8. Rxh8 exd4 9. Bg5 c5 10. Bxf6+ gxf6 11. Rh7+ Kd6 12. Qg3+ Kc6 13. Bg2+ d5 14. Nd2 Bd6 15. Qg7 b5 16. Qf7 Be5 17. Ngf3 Kd6 18. Nxe5 Be6 19. Qb7 fxe5 20. Qxa8 Qg8 21. Qxa7 Bd7 22. Rh6+ Be6 23. Bh3 Nc6 24. Qh7 Qxh7 25. Rxh7 Bxh3 26. Rxh3 1-0

[Event "26. Herner Stadtmeisterschaft 2025"]
[Site "?"]
[Date "2025.02.17"]
[Round "4.22"]
[White "Steinke, Hans-Jörg"]
[Black "Zygan, Michael"]
[Result "0-1"]
[WhiteElo "1715"]
[BlackElo "1913"]
[PlyCount "54"]
[GameId "2146720167583955"]
[EventDate "2025.??.??"]
[WhiteTeam "SV Erkenschwick 1923 e"]
[BlackTeam "SK Sodingen/Castrop 24/23 e.V."]

1. d4 d5 2. c4 c6 3. Nf3 Nf6 4. Nc3 dxc4 5. a4 Bf5 6. e3 e6 7. Bxc4 Bb4 8. Bd2 O-O 9. O-O Nbd7 10. Nh4 Bg4 11. f3 Bh5 12. g4 Bg6 13. Nxg6 hxg6 14. Ne4 Bxd2 15. Nxf6+ Qxf6 16. Qxd2 Nb6 17. Bb3 Rfd8 18. Qf2 Rd7 19. Rad1 Rad8 20. Qc2 e5 21. dxe5 Qxe5 22. Qe2 Nd5 23. Bxd5 Rxd5 24. Rxd5 Qxd5 25. Qc2 Qd2 26. Qxd2 Rxd2 27. Rf2 Rd3 0-1

[Event "26. Herner Stadtmeisterschaft 2025"]
[Site "?"]
[Date "2025.02.17"]
[Round "4.23"]
[White "Ponto, Michael"]
[Black "Dlouhy, Peter"]
[Result "1/2-1/2"]
[WhiteElo "1833"]
[BlackElo "1754"]
[PlyCount "45"]
[GameId "2146726321176858"]
[EventDate "2025.??.??"]
[WhiteTeam "SV Horst-Emscher 1931"]
[BlackTeam "SV Unser Fritz Wanne-E"]

1. c4 b6 2. Nc3 Bb7 3. d4 e6 4. Nf3 Bb4 5. a3 Bxc3+ 6. bxc3 Nf6 7. Bg5 h6 8. Bf4 d6 9. h4 Nbd7 10. e3 Ne4 11. Qc2 f5 12. Nd2 e5 13. Bg3 Nxg3 14. fxg3 O-O 15. O-O-O Qe7 16. d5 e4 17. Be2 Ne5 18. Nb3 Ba6 19. Rd4 Rae8 20. Rf1 Bc8 21. Rfd1 c5 22. dxc6 Nxc6 23. Qd2 1/2-1/2

[Event "26. Herner Stadtmeisterschaft 2025"]
[Site "?"]
[Date "2025.02.17"]
[Round "4.24"]
[White "Engelmann, Chris"]
[Black "Deppe, Stefan"]
[Result "1/2-1/2"]
[WhiteElo "1840"]
[BlackElo "1170"]
[PlyCount "63"]
[GameId "2146744710488492"]
[EventDate "2025.??.??"]
[WhiteTeam "SV Unser Fritz Wanne-E"]
[BlackTeam "vereinslos"]

1. e4 e5 2. Nf3 Nc6 3. d4 exd4 4. Nxd4 Qh4 5. Be3 Qxe4 6. Nb5 Kd8 7. N1c3 Bb4 8. a3 Bxc3+ 9. Nxc3 Qe8 10. Qg4 Qf8 11. O-O-O d6 12. Qh4+ f6 13. Be2 Be6 14. Rhe1 Nge7 15. Bd3 Qg8 16. f4 Nf5 17. Qf2 Nxe3 18. Rxe3 Qf7 19. Rde1 Bd7 20. Qf1 f5 21. Bc4 Qf8 22. b4 a6 23. Qf2 b5 24. Ba2 Qf6 25. Qd2 Re8 26. Bd5 Rxe3 27. Rxe3 Ra7 28. Re1 Ne7 29. Qe3 c5 30. Bf3 Rc7 31. Nd5 Nxd5 32. Bxd5 1/2-1/2

[Event "26. Herner Stadtmeisterschaft 2025"]
[Site "?"]
[Date "2025.02.17"]
[Round "4.26"]
[White "Bialas, Jan-Philip"]
[Black "Heiduk, Christopher"]
[Result "1-0"]
[WhiteElo "1841"]
[BlackElo "1673"]
[PlyCount "55"]
[GameId "2146714602868855"]
[EventDate "2025.??.??"]
[WhiteTeam "SV Datteln 1924"]
[BlackTeam "SV Datteln 1924"]

1. d4 Nf6 2. Bf4 d5 3. e3 Bf5 4. Nd2 e6 5. c4 c6 6. Qb3 Qc8 7. Ngf3 Be7 8. h3 O-O 9. Nh4 Be4 10. Nxe4 Nxe4 11. Nf3 Nd7 12. Bd3 f5 13. O-O Ndf6 14. Qc2 Qd8 15. Ne5 c5 16. f3 Nd6 17. dxc5 Nf7 18. b4 dxc4 19. Bxc4 Nd5 20. Bxd5 exd5 21. Qxf5 Nxe5 22. Qxe5 Bf6 23. Qe6+ Kh8 24. Rad1 d4 25. Be5 Re8 26. Bxf6 Rxe6 27. Bxd8 Rxd8 28. Rxd4 1-0

[Event "26. Herner Stadtmeisterschaft 2025"]
[Site "?"]
[Date "2025.02.17"]
[Round "4.27"]
[White "von Blumenthal, Nikolaus"]
[Black "Müller-Kreth, Kai"]
[Result "0-1"]
[WhiteElo "1484"]
[BlackElo "1746"]
[PlyCount "78"]
[GameId "2146725199098127"]
[EventDate "2025.??.??"]
[WhiteTeam "SV Zeppelin Herne e. V."]
[BlackTeam "SK Sodingen/Castrop 24/23 e. V."]

1. e4 c5 2. Nf3 d6 3. d4 cxd4 4. Nxd4 Nf6 5. f3 Nc6 6. b3 g6 7. Bb2 Bg7 8. Be2 O-O 9. O-O Qb6 10. Kh1 Re8 11. c3 Bd7 12. Nxc6 Bxc6 13. c4 a5 14. a4 Nh5 15. Bxg7 Nxg7 16. Nc3 Ne6 17. Nb5 Bxb5 18. cxb5 Rec8 19. Bc4 Nc5 20. Qe2 e6 21. Rad1 Rd8 22. Qb2 Rac8 23. Rd2 Nxa4 24. bxa4 Rxc4 25. Qa3 Qc5 26. Qa1 Qb4 27. Ra2 Qc3 28. h3 Qxa1 29. Rfxa1 f5 30. exf5 gxf5 31. Kg1 Kf7 32. Kf2 Rdc8 33. Rd2 d5 34. Ke2 Rc2 35. Kd3 R8c3+ 36. Ke2 e5 37. Ra2 Rxd2+ 38. Kxd2 d4 39. Ke2 Ke6 0-1

[Event "26. Herner Stadtmeisterschaft 2025"]
[Site "?"]
[Date "2025.02.17"]
[Round "4.28"]
[White "Ptaszyk, Henning"]
[Black "Bunzel, Robert"]
[Result "1/2-1/2"]
[WhiteElo "1736"]
[BlackElo "1555"]
[PlyCount "33"]
[GameId "2146717424730275"]
[EventDate "2025.??.??"]
[WhiteTeam "SK Sodingen/Castrop 24/23 e. V."]
[BlackTeam "SV Wattenscheid 1930 e"]

1. e4 Nc6 2. Nf3 e6 3. d4 d5 4. e5 g6 5. Bg5 Be7 6. Bxe7 Ngxe7 7. c3 Nf5 8. Na3 a6 9. Nc2 O-O 10. h4 f6 11. g4 Ng7 12. Qd2 fxe5 13. Nxe5 Qf6 14. Nxc6 bxc6 15. Qe3 Re8 16. g5 Qf5 17. Bd3 1/2-1/2

[Event "26. Herner Stadtmeisterschaft 2025"]
[Site "?"]
[Date "2025.02.17"]
[Round "4.29"]
[White "Kowalczyk, Frank"]
[Black "Werner, Lennert"]
[Result "1/2-1/2"]
[WhiteElo "1666"]
[BlackElo "1059"]
[PlyCount "43"]
[GameId "2146717755990190"]
[EventDate "2025.??.??"]
[WhiteTeam "SK Sodingen/Castrop 24/23 e. V."]
[BlackTeam "SK Sodingen/Castrop 24/23 e. V."]

1. c4 f5 2. Nf3 Nf6 3. Nc3 e6 4. d4 c6 5. g3 Be7 6. Bg2 d5 7. b3 O-O 8. O-O Nbd7 9. c5 b6 10. b4 a5 11. bxa5 bxc5 12. Ng5 Nb8 13. dxc5 Na6 14. Na4 Nxc5 15. Nxc5 Bxc5 16. Bd2 h6 17. Nh3 Bd7 18. Nf4 Qc7 19. Qc2 Bd6 20. Nd3 Rfb8 21. Rab1 Qa7 22. e3 1/2-1/2

[Event "26. Herner Stadtmeisterschaft 2025"]
[Site "?"]
[Date "2025.02.17"]
[Round "4.30"]
[White "Cosic, Tarik"]
[Black "Wieschermann, Axel"]
[Result "1-0"]
[WhiteElo "1468"]
[BlackElo "1665"]
[PlyCount "61"]
[GameId "2146742250529163"]
[EventDate "2025.??.??"]
[WhiteTeam "SV Waltrop 1922 e. V."]
[BlackTeam "SG Winz-Baak 48"]

1. e4 c6 2. d4 d5 3. f3 e6 4. Nc3 Nf6 5. Be3 a6 6. Nh3 Be7 7. Be2 b5 8. Nf2 Qc7 9. Nd3 b4 10. e5 bxc3 11. exf6 cxb2 12. fxg7 Rg8 13. Rb1 Rxg7 14. O-O Ba3 15. Nxb2 Bd6 16. f4 Nd7 17. Nd3 c5 18. c3 c4 19. Ne5 Nf8 20. Bf3 Rb8 21. f5 Rxb1 22. Qxb1 f6 23. Bh5+ Ke7 24. Bh6 Rg8 25. fxe6 Bxe5 26. dxe5 Qxe5 27. Qb4+ Qd6 28. Qxd6+ Kxd6 29. Bf7 Rh8 30. Bg7 Bxe6 31. Bxh8 1-0

[Event "26. Herner Stadtmeisterschaft 2025"]
[Site "?"]
[Date "2025.02.17"]
[Round "4.31"]
[White "Mai, Michael"]
[Black "Mayeres, Hans-Christian"]
[Result "0-1"]
[WhiteElo "1426"]
[BlackElo "1837"]
[PlyCount "68"]
[GameId "2146743112335766"]
[EventDate "2025.??.??"]
[WhiteTeam "SV Günnigfeld 1922 e."]
[BlackTeam "SC Recklinghausen Altsta"]

1. d4 g6 2. c4 Bg7 3. Nc3 d6 4. e4 Nc6 5. Be3 e5 6. d5 Nd4 7. Nge2 Bg4 8. Qd2 Bxe2 9. Bxe2 f5 10. f4 Ne7 11. O-O-O c5 12. g4 Qa5 13. Kb1 a6 14. gxf5 b5 15. a3 b4 16. axb4 Qxb4 17. Bxd4 exd4 18. Na2 Qb3 19. Qd3 Qb6 20. fxg6 Rb8 21. Rd2 Nxg6 22. Bh5 Kd7 23. Qh3+ Kc7 24. Qe6 Rhe8 25. Qg4 d3 26. Qg2 Bd4 27. Nc1 Nxf4 28. Qf3 Bxb2 29. Nxd3 Bc3+ 30. Rb2 Bxb2 31. Kc2 Qb3+ 32. Kd2 Qc3+ 33. Ke3 Qxd3+ 34. Kxf4 Rf8+ 0-1

[Event "26. Herner Stadtmeisterschaft 2025"]
[Site "?"]
[Date "2025.02.17"]
[Round "4.32"]
[White "Malessa, Uwe"]
[Black "Schneider, Timo"]
[Result "0-1"]
[WhiteElo "1465"]
[BlackElo "1692"]
[PlyCount "92"]
[GameId "2146726793285925"]
[EventDate "2025.??.??"]
[WhiteTeam "SV Erkenschwick 1923 e"]
[BlackTeam "SV Datteln 1924"]

1. d4 d5 2. Nf3 Nf6 3. c4 e6 4. Nc3 c5 5. Bg5 cxd4 6. Nxd4 Nc6 7. cxd5 exd5 8. g3 Bc5 9. e3 O-O 10. Bg2 Nxd4 11. exd4 Qe8+ 12. Be3 Bb4 13. O-O Bxc3 14. bxc3 Bg4 15. Qb3 Qd7 16. Rfe1 Rfe8 17. Bg5 Ne4 18. Bc1 Rac8 19. Bb2 b6 20. f3 Nd2 21. Qd1 Rxe1+ 22. Qxe1 Nxf3+ 23. Bxf3 Bxf3 24. Qf2 Be4 25. Rf1 Re8 26. Bc1 Bd3 27. Rd1 Qf5 28. Qxf5 Bxf5 29. Kf2 Be4 30. Be3 Rc8 31. Rc1 Rc4 32. Bd2 Ra4 33. Ra1 Bd3 34. a3 Rc4 35. Ke3 Be4 36. Kf4 f6 37. h3 Bg2 38. h4 Rc7 39. Re1 Kf7 40. Re2 Bf1 41. Rf2 Bd3 42. g4 Re7 43. Be3 Bb5 44. Rf3 Re4+ 45. Kg3 Be2 46. Rf4 Rxe3+ 0-1

[Event "26. Herner Stadtmeisterschaft 2025"]
[Site "?"]
[Date "2025.02.17"]
[Round "4.34"]
[White "Böcher, Joachim"]
[Black "Nouman, Abdulrrahman"]
[Result "1/2-1/2"]
[WhiteElo "1510"]
[BlackElo "1421"]
[PlyCount "30"]
[GameId "2146713660125240"]
[EventDate "2025.??.??"]
[WhiteTeam "SV Günnigfeld 1922 e."]
[BlackTeam "SG Wanne"]

1. d4 d5 2. Nf3 e6 3. c3 Nf6 4. Nbd2 c5 5. e3 cxd4 6. exd4 Nc6 7. g3 Be7 8. Bg2 O-O 9. O-O Re8 10. Re1 Qc7 11. Nf1 b6 12. Bf4 Qd7 13. Ne5 Nxe5 14. dxe5 Ne4 15. Bxe4 dxe4 1/2-1/2

[Event "26. Herner Stadtmeisterschaft 2025"]
[Site "?"]
[Date "2025.02.17"]
[Round "4.36"]
[White "Kümmel, Hans-Jürgen"]
[Black "Wiese, Thomas"]
[Result "0-1"]
[WhiteElo "1747"]
[BlackElo "1811"]
[PlyCount "88"]
[GameId "2146727720485168"]
[EventDate "2025.??.??"]
[WhiteTeam "SV Günnigfeld 1922 e."]
[BlackTeam "SV Kamen 1930"]

1. d4 d5 2. Nf3 Nf6 3. Bf4 Bf5 4. e3 c6 5. Bd3 e6 6. Bxf5 exf5 7. a3 Ne4 8. h3 Nd7 9. Nbd2 Be7 10. O-O g5 11. Bh2 Qb6 12. Ne5 Nxe5 13. Bxe5 f6 14. Bh2 h5 15. Nxe4 fxe4 16. f3 Qd8 17. fxe4 dxe4 18. c4 Qd7 19. d5 O-O-O 20. dxc6 Qxc6 21. Qe2 Bd6 22. Bxd6 Rxd6 23. Rad1 Rxd1 24. Rxd1 Qe6 25. Rd5 f5 26. Qd1 f4 27. Qd4 Re8 28. Rxg5 fxe3 29. Qxe3 Kb8 30. Rd5 h4 31. b3 Qf6 32. Rd1 Qe5 33. Rd4 b6 34. a4 Qc5 35. Qf4+ Ka8 36. Qe3 a5 37. Kh1 Rf8 38. Qxe4+ Kb8 39. Qxh4 Rf1+ 40. Kh2 Qe5+ 41. Rf4 Rxf4 42. Qd8+ Kb7 43. Qd7+ Qc7 44. Qd5+ Ka7 0-1

[Event "26. Herner Stadtmeisterschaft 2025"]
[Site "?"]
[Date "2025.02.17"]
[Round "4.37"]
[White "Mücke, Lukas-Benedikt"]
[Black "Simeonidis, Marios"]
[Result "1/2-1/2"]
[WhiteElo "1650"]
[BlackElo "1298"]
[PlyCount "88"]
[GameId "2146752321139193"]
[EventDate "2025.??.??"]
[WhiteTeam "vereinslos"]
[BlackTeam "SV Günnigfeld 1922 e."]

1. e4 e5 2. Nf3 Nc6 3. Bb5 d6 4. c3 Nf6 5. d3 Bd7 6. Ba4 Be7 7. O-O O-O 8. Re1 Re8 9. Nbd2 h6 10. Nf1 Nh7 11. Ng3 Ng5 12. Nxg5 Bxg5 13. d4 exd4 14. cxd4 Bxc1 15. Rxc1 Rc8 16. f3 Ne7 17. Bb3 Ng6 18. Qd2 c6 19. Qb4 Qc7 20. Qc4 Be6 21. d5 Ne5 22. Qc3 Qb6+ 23. Qe3 Qxe3+ 24. Rxe3 cxd5 25. Rxc8 Rxc8 26. exd5 Bd7 27. Ne4 Rc1+ 28. Kf2 Rb1 29. Nxd6 Rxb2+ 30. Kg3 f6 31. Nxb7 Kf8 32. Nc5 Bc8 33. f4 Nf7 34. Ne6+ Bxe6 35. dxe6 Nd6 36. e7+ Ke8 37. Re6 Nf5+ 38. Kg4 Nxe7 39. Kf3 Rd2 40. Ra6 Rd3+ 41. Ke2 Rd4 42. g3 Nc8 43. Ke3 Rd6 44. Ra5 Ke7 1/2-1/2

[Event "26. Herner Stadtmeisterschaft 2025"]
[Site "?"]
[Date "2025.02.17"]
[Round "4.38"]
[White "Breimann, Tobias"]
[Black "Franzel, Christian"]
[Result "1-0"]
[WhiteElo "1693"]
[BlackElo "1683"]
[PlyCount "109"]
[GameId "2146760194523700"]
[EventDate "2025.??.??"]
[WhiteTeam "SV Waltrop 1922 e. V."]
[BlackTeam "SV Schwarz-Weiß Oberha"]

1. e4 d6 2. d4 Nf6 3. Nc3 e5 4. dxe5 dxe5 5. Qxd8+ Kxd8 6. Nf3 Bd6 7. Bg5 Be6 8. O-O-O Ke7 9. Nb5 Nbd7 10. Nd2 h6 11. Be3 Ng4 12. Re1 Nxe3 13. Rxe3 Bc5 14. Rc3 Bxa2 15. Nxc7 Rac8 16. Nd5+ Bxd5 17. exd5 Bxf2 18. Rxc8 Rxc8 19. d6+ Kd8 20. Bc4 f6 21. Be6 Rc6 22. Ne4 Be3+ 23. Kb1 Bc5 24. Rd1 Nf8 25. Bd5 Bb4 26. Bxc6 bxc6 27. c3 Ba5 28. b4 Bb6 29. c4 Bd4 30. Rd2 f5 31. Ng3 g6 32. Ne2 c5 33. bxc5 Bxc5 34. Rd5 Nd7 35. g3 Kc8 36. Nc3 Bd4 37. Na4 Bg1 38. Rd2 Kb7 39. Kc2 e4 40. Kb3 a5 41. Nc3 Nc5+ 42. Kc2 Kc6 43. Nb5 e3 44. Rd5 Nd7 45. Nd4+ Kb7 46. Nf3 Bf2 47. Rxa5 Kb6 48. Rd5 Kb7 49. Kd1 Kc6 50. Ke2 Nb6 51. Nd4+ Kd7 52. Rc5 Kxd6 53. Rc6+ Ke5 54. Nf3+ Ke4 55. Re6# 1-0

[Event "26. Herner Stadtmeisterschaft 2025"]
[Site "?"]
[Date "2025.02.17"]
[Round "4.39"]
[White "Landwehr, Ingo"]
[Black "Gutkin, Boris"]
[Result "1/2-1/2"]
[WhiteElo "1703"]
[BlackElo "1211"]
[PlyCount "103"]
[GameId "2146753132339716"]
[EventDate "2025.??.??"]
[WhiteTeam "Bochumer SV 02"]
[BlackTeam "SK Sodingen/Castrop 24/23 e. V."]

1. c4 d6 2. g3 g6 3. Bg2 Bg7 4. Nc3 Nf6 5. e4 O-O 6. Nge2 e5 7. O-O a5 8. d3 Na6 9. h3 h6 10. Be3 b6 11. Qd2 h5 12. f4 Rb8 13. f5 Bd7 14. Bg5 Kh7 15. Nd5 c6 16. Ne3 Qc8 17. Rf2 Ng8 18. f6 Bh6 19. h4 Nc7 20. b3 Ne6 21. Nc2 Qc7 22. Rd1 Rfd8 23. Kh2 Qa7 24. Rff1 Nc7 25. Ng1 Ne8 26. Qf2 Be6 27. Ne3 Qd7 28. Bh3 Rdc8 29. Bxe6 Qxe6 30. Nh3 Qd7 31. Qf3 Bf8 32. g4 hxg4 33. Nxg4 b5 34. Bd2 a4 35. Ng5+ Kh8 36. h5 gxh5 37. Qh3 Qxg4 38. Qxg4 hxg4 39. Nxf7+ Kh7 40. Ng5+ Kg6 41. f7 Ngf6 42. fxe8=Q+ Rxe8 43. Kg3 Be7 44. Rh1 Rh8 45. Rxh8 Rxh8 46. cxb5 cxb5 47. Rc1 axb3 48. axb3 Rb8 49. Rc7 Bf8 50. Ne6 Re8 51. Nxf8+ Rxf8 52. Bb4 1/2-1/2

[Event "26. Herner Stadtmeisterschaft 2025"]
[Site "?"]
[Date "2025.02.17"]
[Round "4.40"]
[White "Bock, Oswin"]
[Black "Preuß, Thorsten"]
[Result "1-0"]
[WhiteElo "1369"]
[BlackElo "1164"]
[PlyCount "55"]
[GameId "2146715151966338"]
[EventDate "2025.??.??"]
[WhiteTeam "SV Günnigfeld 1922 e."]
[BlackTeam "Bochumer SV 02"]

1. Nf3 Nc6 2. g3 d5 3. Bg2 d4 4. O-O Nf6 5. d3 h6 6. a3 Bg4 7. c4 dxc3 8. Nxc3 Qd7 9. Re1 e6 10. b4 Be7 11. b5 Nd4 12. Ne5 Qd8 13. Nxg4 Nxg4 14. e3 Nxf2 15. Kxf2 Nf5 16. Bxb7 Rb8 17. Bc6+ Kf8 18. d4 Bf6 19. Ne4 Qd6 20. Nxd6 cxd6 21. Qa4 Ne7 22. Qxa7 Nxc6 23. bxc6 Rb5 24. Qa8+ Ke7 25. Qxh8 Rb6 26. Qc8 d5 27. Qd7+ Kf8 28. c7 1-0

[Event "26. Herner Stadtmeisterschaft 2025"]
[Site "?"]
[Date "2025.02.17"]
[Round "4.41"]
[White "Wickenfeld, Udo"]
[Black "Deno, Thomas"]
[Result "1/2-1/2"]
[WhiteElo "1698"]
[BlackElo "1722"]
[PlyCount "47"]
[GameId "2146715727798413"]
[EventDate "2025.??.??"]
[WhiteTeam "SC Recklinghausen Altsta"]
[BlackTeam "SC Buer-Hassel 1919 e. V."]

1. d4 Nf6 2. c4 g6 3. Nc3 Bg7 4. Nf3 O-O 5. Bf4 d6 6. Qd2 Nbd7 7. Bh6 c6 8. Bxg7 Kxg7 9. e3 Re8 10. Bd3 e5 11. dxe5 dxe5 12. e4 Nc5 13. Bc2 Qe7 14. O-O Bg4 15. Ne1 Rad8 16. Qe3 Rd4 17. h3 Be6 18. b3 Red8 19. Rd1 Rxd1 20. Bxd1 Qd6 21. Nf3 b6 22. Bc2 Qc7 23. Rd1 Rxd1+ 24. Bxd1 1/2-1/2

[Event "26. Herner Stadtmeisterschaft 2025"]
[Site "?"]
[Date "2025.02.17"]
[Round "4.42"]
[White "Neumann, Frank"]
[Black "Mohammad, Othman"]
[Result "1-0"]
[WhiteElo "1321"]
[BlackElo "1206"]
[PlyCount "150"]
[GameId "2146735780319577"]
[EventDate "2025.??.??"]
[WhiteTeam "SV Waltrop 1922 e. V."]
[BlackTeam "SG Wanne"]

1. e4 e5 2. Nf3 Nc6 3. Bb5 Nf6 4. Nc3 Bc5 5. O-O d5 6. exd5 Nxd5 7. Nxd5 Qxd5 8. c4 Qd3 9. Nxe5 Qd6 10. Bxc6+ bxc6 11. a3 Bd4 12. Nf3 O-O 13. Nxd4 Qxd4 14. Qc2 Re8 15. d3 Bf5 16. Rd1 Bxd3 17. Qd2 Qxc4 18. Qc3 Rad8 19. Be3 Be2 20. Rxd8 Rxd8 21. Qxc4 Bxc4 22. Bxa7 Rd2 23. b4 Rb2 24. Bc5 Ra2 25. Rxa2 Bxa2 26. Kf1 f5 27. a4 Bc4+ 28. Ke1 Kf7 29. Kd2 Ke6 30. Ke3 Kd5 31. Kf4 Bd3 32. Bf8 g6 33. Kg5 Ke6 34. Kh6 Kf7 35. Bc5 Kg8 36. a5 Bb5 37. f4 Ba6 38. h3 Bc8 39. h4 Ba6 40. Kg5 Kf7 41. Bd4 Kg8 42. Be5 Bc4 43. Bxc7 Kg7 44. Be5+ Kg8 45. g4 h6+ 46. Kxg6 fxg4 47. f5 Bd3 48. Kf6 Kh7 49. Ke6 h5 50. f6 Kg6 51. Kd6 Bb5 52. a6 Bxa6 53. Kxc6 Bd3 54. b5 g3 55. b6 g2 56. Bd4 g1=Q 57. Bxg1 Kxf6 58. b7 Be4+ 59. Kc7 Bxb7 60. Kxb7 Kf5 61. Bc5 Kg6 62. Kc6 Kf5 63. Kd6 Kg6 64. Ke6 Kg7 65. Kf5 Kh7 66. Bf8 Kg8 67. Bh6 Kh8 68. Kg5 Kh7 69. Kxh5 Kg8 70. Kg6 Kh8 71. Bd2 Kg8 72. h5 Kh8 73. h6 Kg8 74. h7+ Kf8 75. h8=Q+ Ke7 1-0

[Event "26. Herner Stadtmeisterschaft 2025"]
[Site "?"]
[Date "2025.02.24"]
[Round "5.1"]
[White "Winterberg, Andreas"]
[Black "Mainusch, Martin"]
[Result "0-1"]
[WhiteElo "2049"]
[BlackElo "2094"]
[PlyCount "76"]
[GameId "2149289159831800"]
[EventDate "2025.??.??"]
[WhiteTeam "SV Waltrop 1922 e. V."]
[BlackTeam "SV Mülheim-Nord 1931 e"]

1. e4 e6 2. d4 d5 3. Nc3 Nf6 4. Bg5 Bb4 5. e5 h6 6. Bd2 Bxc3 7. bxc3 Ne4 8. Bc1 Nxc3 9. Qg4 g6 10. Ne2 Nxe2 11. Bxe2 b6 12. h4 Ba6 13. h5 Bxe2 14. Kxe2 g5 15. f4 Qd7 16. fxg5 Qa4 17. g6 Nc6 18. gxf7+ Kd7 19. c3 Qc4+ 20. Kd2 Nxe5 21. Qg3 Nxf7 22. Qg7 Raf8 23. Ba3 Rhg8 24. Bxf8 Rxg7 25. Bxg7 Nd6 26. Rhc1 Ne4+ 27. Ke3 Ng3 28. Kf2 Nf5 29. Be5 Qd3 30. Bf4 Qe4 31. g3 Nh4 32. gxh4 Qxf4+ 33. Ke2 Qxh4 34. Rh1 Qe4+ 35. Kd2 Qg2+ 36. Kd3 c5 37. dxc5 bxc5 38. Rhg1 Qf3+ 0-1

[Event "26. Herner Stadtmeisterschaft 2025"]
[Site "?"]
[Date "2025.02.24"]
[Round "5.2"]
[White "Markert, Dirk"]
[Black "Henn, Marcus"]
[Result "0-1"]
[WhiteElo "1925"]
[BlackElo "1995"]
[PlyCount "20"]
[GameId "2149304349053433"]
[EventDate "2025.??.??"]
[WhiteTeam "SV Kamen 1930"]
[BlackTeam "SV Erkenschwick 1923 e"]

1. e4 c5 2. Nc3 Nc6 3. g3 g6 4. Bg2 Bg7 5. d3 d6 6. Be3 e5 7. Nh3 Nge7 8. O-O O-O 9. Qd2 Nd4 10. Nd1 Bxh3 0-1

[Event "26. Herner Stadtmeisterschaft 2025"]
[Site "?"]
[Date "2025.02.24"]
[Round "5.3"]
[White "Hahn, Matthias"]
[Black "Quast, Marcel"]
[Result "1/2-1/2"]
[WhiteElo "2105"]
[BlackElo "2137"]
[PlyCount "90"]
[GameId "2149269247361128"]
[EventDate "2025.??.??"]
[WhiteTeam "SV Bochum-Linden-Dahlh"]
[BlackTeam "SC Gerthe 46 - Werne"]

1. e4 e5 2. Nf3 d6 3. d4 Nd7 4. Bc4 c6 5. O-O Be7 6. dxe5 dxe5 7. Ng5 Bxg5 8. Qh5 Qe7 9. Qxg5 Ngf6 10. b3 O-O 11. a4 a5 12. Ba3 Nc5 13. Nd2 b6 14. Rfe1 Re8 15. Qe3 Ng4 16. Qg3 Nf6 17. Bf1 Qc7 18. Qc3 Nfd7 19. Rad1 Re6 20. Nf3 Ba6 21. Bxa6 Nxa6 22. Ng5 Rh6 23. Qc4 Ndc5 24. Nf3 Re6 25. Rd2 Rd8 26. Rxd8+ Qxd8 27. Bb2 f6 28. Nh4 Qd7 29. Nf5 g6 30. Ne3 Kg7 31. f3 Rd6 32. Bc1 Nb4 33. Qe2 b5 34. axb5 cxb5 35. Rd1 Rxd1+ 36. Nxd1 Ne6 37. c3 Nd3 38. Qd2 Qa7+ 39. Kf1 Nxc1 40. Qxc1 a4 41. bxa4 bxa4 42. Qa3 Nf4 43. c4 Qd7 44. Ne3 Qd2 45. Qe7+ Kg8 1/2-1/2

[Event "26. Herner Stadtmeisterschaft 2025"]
[Site "?"]
[Date "2025.02.24"]
[Round "5.4"]
[White "Wiechen, Ulrich"]
[Black "Koscielski, Janusz"]
[Result "0-1"]
[WhiteElo "2156"]
[BlackElo "2266"]
[PlyCount "102"]
[GameId "2149273326293129"]
[EventDate "2025.??.??"]
[WhiteTeam "SC Buer-Hassel 1919 e. V."]
[BlackTeam "SV Wattenscheid 1930 e"]

1. e4 c5 2. Nf3 d6 3. d4 cxd4 4. Nxd4 Nf6 5. Nc3 Nc6 6. Be3 Ng4 7. Bb5 Nxe3 8. fxe3 Bd7 9. Bxc6 bxc6 10. Qf3 e6 11. O-O Qf6 12. Qxf6 gxf6 13. Rxf6 Bg7 14. Rf2 Rb8 15. b3 Rb4 16. Rd1 c5 17. Nde2 Ke7 18. a3 Rb6 19. Rdf1 Rf8 20. Nb1 a5 21. a4 c4 22. Nd2 cxb3 23. cxb3 Rb4 24. Rc1 Rc8 25. Rff1 Rc6 26. h3 Bb2 27. Rc4 Rcxc4 28. Nxc4 Bg7 29. Nxa5 Rxe4 30. Kf2 Rb4 31. Rc1 Be5 32. Rc4 Rb6 33. Rh4 d5 34. Nd4 Bd6 35. Nc2 Rb8 36. Nd4 Rb6 37. Nc2 Bc7 38. Rxh7 Rb8 39. b4 Bxa5 40. b5 Rc8 41. Nd4 Rc4 42. g4 e5 43. Nf3 Bc7 44. b6 Rc2+ 45. Kf1 Bxb6 46. Nxe5 Bxa4 47. Rxf7+ Ke6 48. Rb7 Bxe3 49. Nd3 Rd2 50. Rb4 Bc2 51. Nf4+ Ke5 0-1